Expanding opportunities and building competencies for young people : (Record no. 3048)

MARC details
000 -LEADER
fixed length control field 00634cam a22001932 4500
001 - CONTROL NUMBER
control field 0000006126
005 - DATE AND TIME OF LATEST TRANSACTION
control field 20151217145829.0
008 - FIXED-LENGTH DATA ELEMENTS--GENERAL INFORMATION
fixed length control field 070920s xx 000 0 eng d
020 ## - INTERNATIONAL STANDARD BOOK NUMBER
International Standard Book Number 0821361702 :
040 ## - CATALOGING SOURCE
Original cataloging agency KABU
Transcribing agency KABU
245 10 - TITLE STATEMENT
Title Expanding opportunities and building competencies for young people :
Remainder of title a new agenda for secondary education.
260 ## - PUBLICATION, DISTRIBUTION, ETC. (IMPRINT)
Place of publication, distribution, etc. Washington D.C :
Name of publisher, distributor, etc. World Bank,
Date of publication, distribution, etc. 2005.
300 ## - PHYSICAL DESCRIPTION
Extent XXVI, 300 p.
650 #0 - SUBJECT ADDED ENTRY--TOPICAL TERM
Topical term or geographic name as entry element Education, secondary.
-- 0000157513
852 1# - LOCATION
-- p3120 KES
908 ## - PUT COMMAND PARAMETER (RLIN)
Put command parameter 070920
950 ## - LOCAL HOLDINGS (RLIN)
-- 1
Holdings
Withdrawn status Lost status Source of classification or shelving scheme Not for loan Home library Current library Date acquired Total Checkouts Full call number Barcode Date last seen Price effective from Koha item type
    Library of Congress Classification   Kabarak, Main Campus Kabarak, Main Campus 17/12/2015   LB1607 .E97 c. 2 015167 17/12/2015 17/12/2015 General Collection
    Library of Congress Classification   Kabarak, Main Campus Kabarak, Main Campus 17/12/2015   LB1607 .E97 c. 3 015275 17/12/2015 17/12/2015 General Collection
    Library of Congress Classification   Kabarak, Main Campus Kabarak, Main Campus 17/12/2015   LB1607 .E97 c. 1 004964 17/12/2015 17/12/2015 Africana Collection
Designed with assistance from East African Informatics Ltd